000 00673nam a2200265Ia 4500
005 20260302115408.0
008 008 260114s9999 xx 000 0 eng d
020 _a9781350487253
037 _aTextbook
040 _aCRL
040 _beng
040 _cCRL
041 _2eng
041 _aeng
084 _qCRL
100 _aA. Norman Jeffares
_91121464
245 0 _aAnglo-Irish Literature
260 _bBloomsbury
260 _bBloomsbury Academic
260 _c1982
650 _aLiterary Studies
856 _uhttps://doi.org/10.1007/978-1-349-16855-2?locatt=label:secondary_bloomsburyCollections
942 _cEBOOK
999 _c1686066
_d1686066